| 000 | 00000nas 2200000za 4500 |
| 001 | 9.826329 |
| 003 | CaOODSP |
| 005 | 20221107144548 |
| 007 | cr ||||||||||| |
| 008 | 161025d19261938oncar p oss f0###a0eng|d |
| 040 | |aCaOODSP|beng |
| 043 | |an-cn--- |
| 086 | 1 |aCS41-205E-PDF |
| 245 | 04|aThe boilers, tanks and engines industry in Canada |h[electronic resource]. |
| 246 | 13|aBoilers, tanks and engines industry|f1932-1938 |
| 246 | 13|aBoilers, tanks & engines industry in Canada|f1934-1938 |
| 246 | 1 |iAt head of caption title:|aIron and steel and their products|f1931-1934 |
| 260 | |a[Ottawa] : |bDominion Bureau of Statistics, Mining, Metallurgical and Chemical Branch, |c[1927?]-1940. |
| 310 | |aAnnual |
| 362 | 0 |a1926-1938. |
| 490 | 0 |aAnnual bulletin |
| 500 | |aIssues for 1935-1938 published in series: Annual industry report. |
| 500 | |aDigitized edition from print [produced by Statistics Canada]. |
| 515 | |aIssue for 1933 not published. |
| 520 | |aAnnual statistics on the numbers of plants, operating expenses, employees, salaries, cost of fuel and electricity, cost of material and selling value of boilers, tanks and engines in Canada. |
| 692 | 07|2gccst|aManufacturing industry |
| 692 | 07|2gccst|aStatistics |
| 710 | 1 |aCanada. |bDominion Bureau of Statistics. |bMining, Metallurgical and Chemical Section. |
| 785 | 00|tThe boilers, tanks & plate work industry in Canada |w(CaOODSP)9.826332 |